000 00727nam a2200229Ia 4500
003 GCL
008 140319s9999 xx 000 0 ara d
040 _aGCL /
_cGCL
082 0 4 _a001.5
_bب ث
100 1 _aخليل صابات
245 1 0 _aثورة الاتصال: نشاة ايديولوجية جديدة /
_cخليل صابات
700 1 _aيروتون، فيليب
700 1 _aبرو، سيرج
700 1 _aهالة عبدالرؤوف مراد
260 _a[S.N] :
_bدار المستقبل العربى ،
_c1993
300 _a277 ص
490 _aالمكتبة العالمية
_v0
650 0 4 _aالاتصال
650 0 4 _aالاعلام
650 0 4 _aوسائل الاعلام
942 _2ddc
_cBK
999 _c35121
_d35121